| 000 | nam a22 7a 4500 | ||
|---|---|---|---|
| 999 |
_c7153 _d7153 |
||
| 003 | OSt | ||
| 005 | 20180718125844.0 | ||
| 008 | 180718s2017 sp a | ||||o000 0 spa d | ||
| 017 |
_aB 21300-2017 _bOficina Depósito Legal Barcelona |
||
| 020 | _a9788491162193 | ||
| 040 |
_aSpMaBN _bcat _cCDMR |
||
| 100 | 1 |
_aCarreras i Serra, Lluís de _d1946- _4aut _91753 |
|
| 245 | 1 | 0 |
_a¿Cómo aplicar los límites jurídicos del periodismo? _cLluís de Carreras Serra, Sandra Vilajoana Alejandre, Juan Cuerva de Cañas |
| 250 | _a1ª ed. | ||
| 260 |
_aBarcelona _bUOC _c2017 |
||
| 300 |
_a122 p. _bil. _c21 cm |
||
| 504 | _aBibliografía: p. [114] | ||
| 650 | 4 |
_aDret i ètica _zEspaña _94396 |
|
| 650 | 0 | 4 |
_aÈtica periodística _9983 |
| 700 | 1 |
_aVilajoana Alejandre, Sandra _4aut |
|
| 700 | 1 |
_aCuerva de Cañas, Juan _4aut |
|
| 942 | _cMON | ||